Evolution of the Muslim nationalites of the USSR and their linguistic problems (Record no. 359499)

000 -LEADER
fixed length control field 00462cam a22001337a 4500
008 - FIXED-LENGTH DATA ELEMENTS--GENERAL INFORMATION
fixed length control field 180718b1961 xxu||||| |||| 00| 0 eng d
082 ## - DEWEY DECIMAL CLASSIFICATION NUMBER
Classification number B1242x47 B439
100 ## - MAIN ENTRY--PERSONAL NAME
Personal name Bennigsen, A.
245 ## - TITLE STATEMENT
Title Evolution of the Muslim nationalites of the USSR and their linguistic problems
Statement of responsibility, etc. by A. Bennigsen and C. Quelquejay
260 ## - PUBLICATION, DISTRIBUTION, ETC.
Place of publication, distribution, etc. London
Name of publisher, distributor, etc. Central Asia Research Centre
Date of publication, distribution, etc. 1961
300 ## - PHYSICAL DESCRIPTION
Extent 57p.
650 ## - SUBJECT ADDED ENTRY--TOPICAL TERM
Topical term or geographic name entry element Population - National Groups - USSR
700 ## - ADDED ENTRY--PERSONAL NAME
Personal name Quelquejay, C.
Holdings
Withdrawn status Lost status Damaged status Not for loan Permanent Location Current Location Date acquired Full call number Barcode Date last seen Price effective from Koha item type
        Indian Institute of Public Administration Indian Institute of Public Administration 1994-02-09 B1242x47 B439 28718 2018-07-21 2018-07-21 Book

Powered by Koha